| 000 -ლიდერი |
| ფიქსირებული სიგრძის საკონტროლო ველი |
01470nam a2200265Ia 4500 |
| 001 - საკონტროლო ნომერი |
| საკონტროლო ველი |
6621 |
| 003 - საკონტროლო ნომრის იდენტიფიკატორი |
| საკონტროლო ველი |
GE_BSU |
| 005 - ბოლო ოპერაციის თარიღი და დრო |
| საკონტროლო ველი |
20191202155417.0 |
| 008 - ფიქსირებული სიგრძის მონაცემთა ელემენტები - ზოგადი ინფორმაცია |
| ფიქსირებული სიგრძის საკონტროლო ველი |
181216s2009||||ge |||||||||||||| ||geo|| |
| 020 ## - წიგნის საერთაშორისო სტანდარტული ნომერი |
| International Standard Book Number |
9789941409028 |
| 040 ## - კატალოგიზაციის წყარო |
| Transcribing agency |
GE_BSU |
| 041 ## - ენის კოდი |
| Language code of text/sound track or separate title |
geo |
| 080 ## - უნივერსალური ათობითი კლასიფიკაციის ინდექსი |
| Universal Decimal Classification number |
39(479.223)(560) ბ-53 |
| 100 ## - მთავარი ჩანაწერი - პიროვნების სახელი |
| Personal name |
ბერიძე, ეთერ |
| 9 (RLIN) |
5671 |
| 245 ## - ცნობა სათაურის შესახებ |
| Title |
ნიგალი : |
| Remainder of title |
ისტორ.-ეთნოგრ. და ლინგვ.-ტოპონ. ასპექტები / |
| Statement of responsibility, etc |
ეთერ ბერიძე ; რედ. რამაზ სურმანიძე. |
| 264 ## - წარმოების, გამოცემის, დისტრიბუციის და სხვა ცნობები |
| გამოცემის, წარმოების, დისტრიბუციის... ადგილი |
თბილისი : |
| გამოცემის, წარმოების, დისტრიბუციის... სახელწოდება |
შოთა რუსთაველის სახ.უნ-ტი, |
| გამოცემის, წარმოების, დისტრიბუციის... თარიღი |
2009. |
| 300 ## - ფიზიკური აღწერა |
| Extent |
401გვ. : |
| Other physical details |
ილ.; |
| Dimensions |
26 სმ. |
| 653 ## - INDEX TERM--UNCONTROLLED |
| Uncontrolled term |
ქართველების ეთნოგრაფია; |
| 653 ## - INDEX TERM--UNCONTROLLED |
| Uncontrolled term |
ქართული ტოპონიმიკა თურქეთში |
| 653 ## - INDEX TERM--UNCONTROLLED |
| Uncontrolled term |
ქართველები თურქეთში |
| 700 ## - ADDED ENTRY--PERSONAL NAME |
| Personal name |
სურმანიძე, რამაზ |
| Relator term |
რედაქტორი |
| 9 (RLIN) |
5672 |
| 710 ## - ADDED ENTRY--CORPORATE NAME |
| Corporate name or jurisdiction name as entry element |
შოთა რუსთაველის სახელმწ. უნ-ტი |
| Subordinate unit |
ჰუმანიტ.- მეცნ. ფაკულტეტი; ქართ. ფილოლ. დეპარტამენტი. |
| 9 (RLIN) |
5673 |
| 856 ## - ELECTRONIC LOCATION AND ACCESS |
| Uniform Resource Identifier |
http://dspace.nplg.gov.ge/bitstream/1234/7044/1/Beridze_Eter.pdf |
| Link text |
ელ. ვერსია pdf |
| 942 ## - ADDED ENTRY ELEMENTS (KOHA) |
| Koha item type |
წიგნი |
| Source of classification or shelving scheme |
|